Concept of front office management / (Record no. 132200)
[ view plain ]
| 000 -LEADER | |
|---|---|
| fixed length control field | 00692nam a22002297a 4500 |
| 005 - DATE AND TIME OF LATEST TRANSACTION | |
| control field | 20170124110151.0 |
| 010 ## - LIBRARY OF CONGRESS CONTROL NUMBER | |
| LC control number | B-158799 |
| 020 ## - INTERNATIONAL STANDARD BOOK NUMBER | |
| Terms of availability | 00.00 |
| International Standard Book Number | 8176489905 |
| 035 ## - SYSTEM CONTROL NUMBER | |
| System control number | B-158799 |
| 037 ## - SOURCE OF ACQUISITION | |
| Source of stock number/acquisition | Cen Lib/Ret |
| 040 ## - CATALOGING SOURCE | |
| Original cataloging agency | DPL |
| Language of cataloging | EN |
| 082 ## - DEWEY DECIMAL CLASSIFICATION NUMBER | |
| Classification number | 647.92 |
| Item number | CHA |
| 100 ## - MAIN ENTRY--PERSONAL NAME | |
| Personal name | Chakravarti, B. K. |
| 9 (RLIN) | 107334 |
| 245 ## - TITLE STATEMENT | |
| Title | Concept of front office management / |
| Statement of responsibility, etc | by B. K. Chakravarti |
| 260 ## - PUBLICATION, DISTRIBUTION, ETC. (IMPRINT) | |
| Place of publication, distribution, etc | New Dlehi |
| Name of publisher, distributor, etc | A.P.H.Publishing Corporation |
| Date of publication, distribution, etc | 2006 |
| 270 ## - ADDRESS | |
| City | 5, Ansari Road Darya Ganj |
| Address | New Delhi |
| Postal code | 110002 |
| 300 ## - PHYSICAL DESCRIPTION | |
| Extent | xii,314p. |
| Dimensions | 20cm(Hb) |
| 500 ## - GENERAL NOTE | |
| General note | Includes index |
| 650 ## - SUBJECT ADDED ENTRY--TOPICAL TERM | |
| Topical term or geographic name as entry element | Management |
| 9 (RLIN) | 3072 |
| 650 ## - SUBJECT ADDED ENTRY--TOPICAL TERM | |
| Topical term or geographic name as entry element | Hotel management |
| 9 (RLIN) | 107335 |
| 942 ## - ADDED ENTRY ELEMENTS (KOHA) | |
| Source of classification or shelving scheme | Dewey Decimal Classification |
| Koha item type | English Books |
| Classification part | 647.92 |
| Call number suffix | CHA |
| Withdrawn status | Lost status | Damaged status | Not for loan | Home library | Current library | Date acquired | Source of acquisition | Cost, normal purchase price | Total Checkouts | Full call number | Barcode | Date last seen | Copy number | Cost, replacement price | Price effective from | Koha item type | Source of classification or shelving scheme | Collection code |
|---|---|---|---|---|---|---|---|---|---|---|---|---|---|---|---|---|---|---|
| Central Library | Central Library | 21/07/2015 | Cen Lib/Ret | 0.00 | 647.92 CHA | B-158799 | 21/07/2015 | 1 | 0.00 | 21/07/2015 | English Books | |||||||
| Sarojini Nagar | Sarojini Nagar | 13/04/2019 | 647.92 CHA | B-158807 | 13/04/2019 | 13/04/2019 | English Books | Dewey Decimal Classification | Non-fiction | |||||||||
| Sarojini Nagar | Sarojini Nagar | 26/04/2019 | 647.92 CHA | B-158801 | 26/04/2019 | 26/04/2019 | English Books | Dewey Decimal Classification | Non-fiction |
